Score 0/24 Timer 04:00
0 Plays Today
Hint Word % Correct
Symbol indicating directionarrow
94.4%
Loud, rough, and disorderlyrowdy
94.4%
Color or Ivy League schoolbrown
94%
Feeling of sadness and griefsorrow
92.2%
Receive and use temporarilyborrow
92.1%
It's always a day awaytomorrow
91.5%
Soft tissue in bone cavitiesmarrow
90.7%
Menacing animal soundgrowl
90.3%
Guardian of the cornfieldscarecrow
89.4%
Initiate a punch or a partythrow
88.5%
Songbird or movie piratesparrow
88.2%
Surf the web or the librarybrowse
85.4%
Hint Word % Correct
Limited in size or scopenarrow
82.9%
Expression of displeasurefrown
82.6%
Wrinkle, as one's foreheadfurrow
82%
Become too big/old foroutgrow
81.4%
Cart vehicle for small loadswheelbarrow
80.5%
Hairy arch to raise in surpriseeyebrow
79.8%
Short-handled digging tooltrowel
79.3%
Radiation used for cookingmicrowave
75.4%
Metal tool used for pryingcrowbar
71.5%
What three is, proverbiallycrowd
66.4%
Funds held by a third partyescrow
63.8%
Superior skill or abilityprowess
54.7%
Remove Ads.
Support Sporcle.
Get the best of Sporcle when you Go Orange. This ad-free experience offers more features, more stats, and more fun while also helping to support Sporcle. Thank you for becoming a member.

You're not logged in!

Compare scores with friends on all Sporcle quizzes.
OR
Log In

Show Comments

Extras

Top Quizzes Today


Score Distribution

Your Account Isn't Verified!

In order to create a playlist on Sporcle, you need to verify the email address you used during registration. Go to your Sporcle Settings to finish the process.

Report this User

Report this user for behavior that violates our Community Guidelines.

Details: